| 000 | 00356nam a2200121Ia 4500 | ||
|---|---|---|---|
| 008 | 210430s9999 xx 000 0 und d | ||
| 082 | _a912 G342 G | ||
| 100 |
_aJames Mills -Hicks _953901 |
||
| 245 | 4 |
_aThe complite Illustrated Atlas of the World _cJames Mills -Hicks |
|
| 260 |
_aNew york _bJames Mills -Hicks _c2003 |
||
| 300 | _a617 p | ||
| 942 |
_cMP _2ddc |
||
| 999 |
_c564258 _d564258 |
||